[Event "Sachsen-Anhalt-ch Masters"]
[Site "Magdeburg"]
[Date "2022.10.29"]
[Round "2"]
[White "Hansch, Torsten"]
[Black "Malek, Daniel"]
[Result "0-1"]
[WhiteElo "2055"]
[BlackElo "2365"]
[PlyCount "68"]
[EventDate "2022.10.29"]
[EventType "swiss"]
[EventRounds "7"]
[EventCountry "GER"]
[SourceTitle "CBM 211 Extra"]
[Source "ChessBase"]
[SourceDate "2023.01.31"]
[SourceVersion "1"]
[SourceVersionDate "2023.01.31"]
[SourceQuality "1"]

1. d4 Nf6 2. c4 e6 3. Nf3 d5 4. Nc3 Bb4 5. cxd5 exd5 6. Bg5 h6 7. Bh4 0-0 8. e3 Bf5 9. Qb3 Bxc3+ 10. Qxc3 Nbd7 11. Bd3 Bxd3 12. Qxd3 c6 13. 0-0 Re8 14. b4 a6 15. a4 Qe7 16. Bxf6 Nxf6 17. b5 cxb5 18. axb5 a5 19. b6 Qd8 20. Qb5 Re6 21. Rxa5 Rxa5 22. Qxa5 Qxb6 23. Qa2 Qc7 24. h3 Rc6 25. Ne5 Rc1 26. Qa8+ Kh7 27. Rxc1 Qxc1+ 28. Kh2 Qc7 29. Qf8 Ne4 30. f4 Nd6 31. Nd3 Nf5 32. Qe8 Qc2 33. Ne1 Qf2 34. Nd3 Qg3+ 0-1

[Event "Prague Pelikan Memorial 24th"]
[Site "Prague"]
[Date "2022.08.02"]
[Round "4"]
[White "Thornberg, Carlos"]
[Black "Hansch, Torsten"]
[Result "1/2-1/2"]
[WhiteElo "1983"]
[BlackElo "2055"]
[PlyCount "123"]
[EventDate "2022.07.30"]
[EventType "tourn"]
[EventRounds "9"]
[EventCountry "CZE"]
[SourceTitle "CBM 209 Extra"]
[Source "ChessBase"]
[SourceDate "2022.09.30"]
[SourceVersion "1"]
[SourceVersionDate "2022.09.30"]
[SourceQuality "1"]

1. e4 c5 2. c3 Nf6 3. e5 Nd5 4. d4 cxd4 5. Nf3 d6 6. cxd4 dxe5 7. dxe5 Nc6 8. a3 g6 9. Qb3 Bg7 10. Bc4 Be6 11. Nc3 Nxc3 12. Bxe6 fxe6 13. Qxc3 Qd5 14. 0-0 Nxe5 15. Nxe5 Bxe5 16. Qb4 Bd6 17. Qa4+ b5 18. Qh4 Rc8 19. Be3 0-0 20. Bxa7 Rf5 21. Rfd1 Rh5 22. Rxd5 Rxh4 23. Rd4 Bxh2+ 24. Kf1 Rxd4 25. Bxd4 Bd6 26. Re1 Kf7 27. Re3 Rc4 28. Rf3+ Ke8 29. Bc3 Kd7 30. Rf7 Bxa3 31. Rxh7 Kd6 32. Rh3 Bb4 33. Rd3+ Kc5 34. Bg7 e5 35. g3 Rc1+ 36. Kg2 e4 37. Rd7 Kc6 38. Rd8 Kc7 39. Rd4 Rc4 40. Rd5 Bc5 41. b4 Bxb4 42. Rxb5 Bc5 43. Rb2 e3 44. fxe3 Bxe3 45. Re2 Bg5 46. Kf3 Kd7 47. Be5 Ke8 48. Re4 Rc6 49. Rg4 Bd2 50. Rh4 Kf7 51. Rh2 Bb4 52. Bd4 Ke6 53. Ke4 Rc1 54. Ra2 Re1+ 55. Kd3 Kd5 56. Bf2 Rb1 57. Ra6 Bd6 58. Ra5+ Kc6 59. Ra4 Rh1 60. Ke2 Rc1 61. Kf3 Rc3+ 62. Kg4 1/2-1/2

[Event "Titled Tuesday intern op 29th Dec"]
[Site "Chess.com INT"]
[Date "2020.12.29"]
[Round "4"]
[White "Hansch, Torsten"]
[Black "Estrada Nieto, Julian"]
[Result "1-0"]
[WhiteElo "2096"]
[BlackElo "2280"]
[PlyCount "107"]
[EventDate "2020.12.29"]
[EventType "swiss (blitz)"]
[EventRounds "11"]
[EventCountry "USA"]
[SourceTitle "CBM 200 Extra"]
[Source "ChessBase"]
[SourceDate "2021.03.31"]
[SourceVersion "1"]
[SourceVersionDate "2021.03.31"]
[SourceQuality "1"]

1. d4 d5 2. c4 dxc4 3. Nf3 Nf6 4. e3 e6 5. Bxc4 c5 6. 0-0 a6 7. Bb3 Nc6 8. Nc3 Be7 9. Qe2 cxd4 10. Rd1 e5 11. exd4 exd4 12. Be3 Bg4 13. h3 Bxf3 14. Qxf3 0-0 15. Bg5 Qa5 16. Bxf6 Bxf6 17. Nd5 Be5 18. Qf5 Qd8 19. Rd3 g6 20. Qf3 Bg7 21. Rad1 Ne5 22. Qe4 Nxd3 23. Qxd3 Rc8 24. a3 Qg5 25. g3 Rfe8 26. Nf4 Be5 27. Nd5 Bg7 28. Kg2 h5 29. h4 Qg4 30. Rd2 Qe4+ 31. Qxe4 Rxe4 32. Kf3 Re1 33. Nb6 Rc6 34. Nd5 Rd6 35. Nf4 Bh6 36. Rd3 Bxf4 37. Kxf4 Re2 38. f3 Rxb2 39. Ke5 Rd8 40. Bd5 Rb6 41. Rxd4 Kg7 42. Rf4 f6+ 43. Ke4 Rbd6 44. Bxb7 Rd4+ 45. Ke3 Rd3+ 46. Ke2 Rxa3 47. Rc4 Re8+ 48. Kd2 Re7 49. Bd5 a5 50. Rc5 Rd7 51. Kc2 a4 52. Be6 Re7 53. Bd5 Re2+ 54. Kd1 1-0

[Event "Titled Tuesday intern op 22nd Dec"]
[Site "Chess.com INT"]
[Date "2020.12.22"]
[Round "3"]
[White "Hansch, Torsten"]
[Black "Rodrigues, Bruno Morado"]
[Result "0-1"]
[WhiteElo "2096"]
[BlackElo "2033"]
[PlyCount "42"]
[EventDate "2020.12.22"]
[EventType "swiss (blitz)"]
[EventRounds "11"]
[EventCountry "USA"]
[SourceTitle "CBM 199 Extra"]
[Source "ChessBase"]
[SourceDate "2021.01.31"]
[SourceVersion "1"]
[SourceVersionDate "2021.01.31"]
[SourceQuality "1"]

1. d4 d5 2. c4 c6 3. cxd5 cxd5 4. Nc3 Nf6 5. Nf3 Nc6 6. Bf4 a6 7. e3 Bg4 8. Be2 e6 9. 0-0 Bd6 10. Bxd6 Qxd6 11. h3 Bh5 12. Rc1 0-0 13. Qd2 b5 14. a3 Rfc8 15. b4 Nd7 16. g4 Bg6 17. Bd3 Nb6 18. Ne1 Nc4 19. Bxc4 dxc4 20. Nf3 a5 21. Nxb5 Qd5 0-1

[Event "Titled Tuesday intern op 22nd Dec"]
[Site "Chess.com INT"]
[Date "2020.12.22"]
[Round "1"]
[White "Madaminov, Mukhiddin"]
[Black "Hansch, Torsten"]
[Result "1-0"]
[WhiteElo "2258"]
[BlackElo "2096"]
[PlyCount "81"]
[EventDate "2020.12.22"]
[EventType "swiss (blitz)"]
[EventRounds "11"]
[EventCountry "USA"]
[SourceTitle "CBM 199 Extra"]
[Source "ChessBase"]
[SourceDate "2021.01.31"]
[SourceVersion "1"]
[SourceVersionDate "2021.01.31"]
[SourceQuality "1"]

1. d4 d5 2. Nc3 Nf6 3. Bf4 e6 4. Nb5 Na6 5. e3 c6 6. Nc3 Bd6 7. Bxa6 bxa6 8. Nf3 Bxf4 9. exf4 0-0 10. 0-0 Qd6 11. Ne5 c5 12. Na4 cxd4 13. Qxd4 Nd7 14. Nd3 Nf6 15. Nac5 Rb8 16. b4 Bd7 17. Ne5 Rfc8 18. c3 a5 19. a3 axb4 20. axb4 Bb5 21. Rfc1 Qb6 22. Ra5 a6 23. f3 h6 24. Rca1 Ra8 25. g4 Ne8 26. g5 h5 27. f5 Nc7 28. Nxe6 Qxd4+ 29. Nxd4 Rab8 30. f6 gxf6 31. gxf6 Ne8 32. Nxb5 axb5 33. Ra6 Rxc3 34. Kf2 Rc2+ 35. Ke3 Rxh2 36. Rg1+ Kh7 37. Nxf7 Nc7 38. Ng5+ Kh6 39. Rc6 Re8+ 40. Kd3 Ne6 41. Rxe6 1-0

[Event "Titled Tuesday intern op 22nd Dec"]
[Site "Chess.com INT"]
[Date "2020.12.22"]
[Round "5"]
[White "Mayaud, Raphael"]
[Black "Hansch, Torsten"]
[Result "0-1"]
[WhiteElo "2202"]
[BlackElo "2096"]
[PlyCount "90"]
[EventDate "2020.12.22"]
[EventType "swiss (blitz)"]
[EventRounds "11"]
[EventCountry "USA"]
[SourceTitle "CBM 199 Extra"]
[Source "ChessBase"]
[SourceDate "2021.01.31"]
[SourceVersion "1"]
[SourceVersionDate "2021.01.31"]
[SourceQuality "1"]

1. d4 d5 2. Nf3 Nf6 3. c4 e6 4. Nc3 Be7 5. Bg5 Nbd7 6. cxd5 exd5 7. e3 c6 8. Bd3 0-0 9. Qc2 Re8 10. 0-0 Nf8 11. Rab1 Bg4 12. Ne5 Bh5 13. b4 a6 14. a4 Bg6 15. Nxg6 Nxg6 16. b5 axb5 17. axb5 Ne4 18. Bxe7 Qxe7 19. Bxe4 dxe4 20. bxc6 bxc6 21. Ne2 Ra6 22. Rfc1 h5 23. Qc5 h4 24. Qxe7 Nxe7 25. h3 f5 26. Rb7 Kf8 27. Nf4 Rea8 28. Ne6+ Kf7 29. Nxg7 Kf6 30. Nh5+ Ke6 31. Nf4+ Kd6 32. Rb2 R8a7 33. Kh2 Ra8 34. Rbc2 Rg8 35. Rb2 Rga8 36. Rcc2 Ra1 37. g3 hxg3+ 38. Kxg3 Rg1+ 39. Kh2 Raa1 40. Rb7 Rh1+ 41. Kg3 Rag1+ 42. Kh4 Rg4+ 43. Kh5 Rg8 44. Rc5 Rhg1 45. Rxe7 Rh8+ 0-1

[Event "Titled Tuesday intern op 22nd Dec"]
[Site "Chess.com INT"]
[Date "2020.12.22"]
[Round "8"]
[White "Sliwicki, Damian"]
[Black "Hansch, Torsten"]
[Result "1-0"]
[WhiteElo "2169"]
[BlackElo "2096"]
[PlyCount "43"]
[EventDate "2020.12.22"]
[EventType "swiss (blitz)"]
[EventRounds "11"]
[EventCountry "USA"]
[SourceTitle "CBM 199 Extra"]
[Source "ChessBase"]
[SourceDate "2021.01.31"]
[SourceVersion "1"]
[SourceVersionDate "2021.01.31"]
[SourceQuality "1"]

1. e4 c5 2. Nf3 d6 3. d4 cxd4 4. Qxd4 Nc6 5. Bb5 Nf6 6. Nc3 Bd7 7. Bxc6 bxc6 8. Bg5 e5 9. Qd2 Be7 10. 0-0 0-0 11. Bxf6 gxf6 12. Nh4 Kh8 13. Ne2 f5 14. Nxf5 Bxf5 15. exf5 Bg5 16. Qc3 Rc8 17. Rad1 Qf6 18. Ng3 d5 19. Nh5 Qxf5 20. f4 d4 21. Qg3 Bxf4 22. Qg7# 1-0

[Event "Titled Tuesday intern op 15st Dec"]
[Site "Chess.com INT"]
[Date "2020.12.15"]
[Round "11"]
[White "Matveeva, Olga"]
[Black "Hansch, Torsten"]
[Result "1/2-1/2"]
[WhiteElo "2171"]
[BlackElo "2096"]
[PlyCount "73"]
[EventDate "2020.12.15"]
[EventType "swiss (blitz)"]
[EventRounds "11"]
[EventCountry "USA"]
[SourceTitle "CBM 199 Extra"]
[Source "ChessBase"]
[SourceDate "2021.01.31"]
[SourceVersion "1"]
[SourceVersionDate "2021.01.31"]
[SourceQuality "1"]

1. d4 d5 2. c4 e6 3. Nf3 Nf6 4. g3 Be7 5. Bg2 0-0 6. 0-0 Nbd7 7. Qc2 c6 8. Nbd2 b6 9. e4 Bb7 10. e5 Ne8 11. cxd5 cxd5 12. Qb3 Rc8 13. Re1 Qc7 14. Nf1 Qc2 15. Be3 Qxb3 16. axb3 a5 17. Rec1 Nc7 18. Ne1 Na6 19. Nd3 Nb4 20. Nxb4 Bxb4 21. Bd2 Bxd2 22. Nxd2 Rxc1+ 23. Rxc1 Rc8 24. Rxc8+ Bxc8 25. Bf1 Kf8 26. Bd3 h6 27. Kf1 Nb8 28. Bb5 Ba6 29. Be2 Ke7 30. Nb1 Bxe2+ 31. Kxe2 Nc6 32. Kd3 Nb4+ 33. Kc3 Na2+ 34. Kc2 Nb4+ 35. Kc3 Na2+ 36. Kc2 Nb4+ 37. Kc3 1/2-1/2

[Event "Titled Tuesday intern op 15st Dec"]
[Site "Chess.com INT"]
[Date "2020.12.15"]
[Round "8"]
[White "Orantes Taboada, Francisco"]
[Black "Hansch, Torsten"]
[Result "1-0"]
[WhiteElo "2247"]
[BlackElo "2096"]
[PlyCount "105"]
[EventDate "2020.12.15"]
[EventType "swiss (blitz)"]
[EventRounds "11"]
[EventCountry "USA"]
[SourceTitle "CBM 199 Extra"]
[Source "ChessBase"]
[SourceDate "2021.01.31"]
[SourceVersion "1"]
[SourceVersionDate "2021.01.31"]
[SourceQuality "1"]

1. e4 c5 2. c3 d5 3. exd5 Qxd5 4. Nf3 e5 5. Bb5+ Bd7 6. Bxd7+ Nxd7 7. 0-0 Ngf6 8. d4 exd4 9. cxd4 cxd4 10. Re1+ Be7 11. Qxd4 Qxd4 12. Nxd4 Kf8 13. Nc3 a6 14. Bf4 Nb6 15. Nf5 Bb4 16. a3 Bxc3 17. Bd6+ Kg8 18. Ne7+ Kf8 19. bxc3 Nc4 20. Nf5+ Nxd6 21. Nxd6 b5 22. a4 bxa4 23. Rxa4 g6 24. g4 Kg7 25. g5 Nd5 26. c4 Nf4 27. Re7 Rhf8 28. c5 Nd5 29. Rb7 Rab8 30. Rxa6 Rxb7 31. Nxb7 Rc8 32. Rd6 Nf4 33. Rd7 Nh3+ 34. Kg2 Nxg5 35. Nd6 Rxc5 36. Ne8+ Kh6 37. Nf6 Ne4 38. Nxe4 Rc4 39. Ng3 Rg4 40. Rxf7 g5 41. Rf6+ Kg7 42. Rf3 Rf4 43. h3 Rxf3 44. Kxf3 h5 45. Nxh5+ Kg6 46. Kg4 Kh6 47. Ng3 Kg6 48. Ne4 Kh6 49. Nxg5 Kg6 50. h4 Kh6 51. h5 Kg7 52. Nf3 Kf6 53. Nd4 1-0

[Event "DSOL 02 Liga Gr-D 1st"]
[Site "Playchess.com INT"]
[Date "2020.07.07"]
[Round "3.3"]
[White "Buring, Matthias"]
[Black "Hansch, Torsten"]
[Result "1-0"]
[WhiteElo "2062"]
[BlackElo "2064"]
[PlyCount "113"]
[EventDate "2020.06.22"]
[EventType "team-tourn (rapid)"]
[EventCountry "GER"]
[SourceTitle "EXT 2021"]
[Source "ChessBase"]
[SourceDate "2020.10.23"]
[SourceVersion "1"]
[SourceVersionDate "2020.10.23"]
[SourceQuality "1"]
[WhiteTeam "Arnstadt Stadtilm"]
[BlackTeam "Stendal"]
[WhiteTeamCountry "GER"]
[BlackTeamCountry "GER"]

1. d4 d5 2. Nf3 Nf6 3. c4 e6 4. a3 Be7 5. Nc3 0-0 6. Bf4 dxc4 7. e4 b5 8. Be2 c6 9. 0-0 Bb7 10. Qc2 Nbd7 11. Rfd1 Qb6 12. Bg5 Rfe8 13. e5 Nd5 14. Bxe7 Nxe7 15. Ng5 Nf8 16. Bh5 Nfg6 17. Nce4 Nf5 18. Qc3 Rad8 19. Bxg6 hxg6 20. Qh3 Nh6 21. Nf6+ Kf8 22. Nxe8 Kxe8 23. Ne4 Kf8 24. Nd6 Ba8 25. Rac1 c5 26. a4 a6 27. a5 Qxa5 28. dxc5 Qb4 29. Qa3 Qxa3 30. bxa3 Ke7 31. a4 Bc6 32. axb5 axb5 33. Ra1 Rd7 34. Ra6 Rc7 35. Rb6 Ng4 36. Re1 Bd7 37. h3 Nh6 38. Nxb5 Rxc5 39. Nc3 Bc6 40. Ra1 Kd8 41. Ra7 Kc8 42. Rb4 Rxe5 43. Rxc4 Kb8 44. Re7 Bd5 45. Rc5 Re1+ 46. Kh2 Rd1 47. Nxd5 exd5 48. Re3 Kb7 49. Rb3+ Ka6 50. Rc8 Ka7 51. Rc2 Ra1 52. g4 g5 53. Rb5 f5 54. Rxd5 fxg4 55. Rxg5 gxh3 56. Rxg7+ Ka6 57. Rg6+ 1-0

[Event "GER-ch Net Amateur Gr-A Vor3"]
[Site "Playchess.com INT"]
[Date "2020.04.16"]
[Round "1"]
[White "Hansch, Torsten"]
[Black "Lohvinov, Petro"]
[Result "0-1"]
[WhiteElo "1974"]
[BlackElo "1679"]
[PlyCount "60"]
[EventDate "2020.04.16"]
[EventType "swiss (blitz)"]
[EventRounds "9"]
[EventCountry "GER"]
[SourceTitle "CBM 195 Extra"]
[Source "ChessBase"]
[SourceDate "2020.05.31"]
[SourceVersion "1"]
[SourceVersionDate "2020.05.31"]
[SourceQuality "1"]

1. d4 Nf6 2. c4 g6 3. Nc3 Bg7 4. e4 d6 5. f3 0-0 6. Be3 Nc6 7. Nge2 a6 8. Qd2 Rb8 9. Nc1 e5 10. Nb3 exd4 11. Nxd4 Nxd4 12. Bxd4 Re8 13. Be2 Bd7 14. Ba7 Ra8 15. Be3 Rb8 16. 0-0 b5 17. c5 b4 18. Nd5 Nxd5 19. exd5 dxc5 20. Bxc5 a5 21. Rfe1 Qf6 22. Rac1 Qxb2 23. Rc2 Qe5 24. Bf2 Qd6 25. Bg3 Be5 26. Bxe5 Rxe5 27. Bc4 Rbe8 28. Rxe5 Qxe5 29. Bb3 Bb5 30. h3 Qg3 0-1

[Event "GER-ch Net Amateur Gr-A Vor3"]
[Site "Playchess.com INT"]
[Date "2020.04.16"]
[Round "7"]
[White "Hansch, Torsten"]
[Black "Wagner, Rainer"]
[Result "1-0"]
[WhiteElo "1943"]
[BlackElo "1829"]
[PlyCount "101"]
[EventDate "2020.04.16"]
[EventType "swiss (blitz)"]
[EventRounds "9"]
[EventCountry "GER"]
[SourceTitle "CBM 195 Extra"]
[Source "ChessBase"]
[SourceDate "2020.05.31"]
[SourceVersion "1"]
[SourceVersionDate "2020.05.31"]
[SourceQuality "1"]

1. d4 Nf6 2. c4 e6 3. Nf3 Bb4+ 4. Bd2 a5 5. e3 0-0 6. Bd3 d5 7. 0-0 Nbd7 8. Nc3 dxc4 9. Bxc4 c5 10. a3 Bxc3 11. Bxc3 Ne4 12. Rc1 Nxc3 13. Rxc3 cxd4 14. Nxd4 Nc5 15. Ba2 Ne4 16. Rc1 Qb6 17. Qc2 Nf6 18. Qb3 Qd6 19. Rfd1 Qe5 20. Nf3 Qh5 21. Qb6 Nd7 22. Qc7 Nf6 23. Rc5 Qh6 24. Rxa5 Rxa5 25. Qxa5 Bd7 26. Qc7 Bc6 27. Nd4 Bd5 28. Bxd5 Nxd5 29. Qxb7 Qh5 30. Qb3 Rc8 31. Qd3 h6 32. h3 Qe5 33. Qd2 Qb8 34. Rc1 Re8 35. b4 Nf6 36. a4 Ne4 37. Qc2 Nf6 38. b5 Nd5 39. Nc6 Qd6 40. Qc5 Qc7 41. a5 Qb7 42. a6 Qa8 43. Qd6 Nf6 44. Qc7 Rc8 45. Qxc8+ Qxc8 46. Ne7+ Kf8 47. Nxc8 Nd5 48. a7 Nb6 49. a8Q Nxa8 50. b6 Nxb6 51. Nxb6 1-0

[Event "GER-ch Net Amateur Gr-B Vor2"]
[Site "Playchess.com INT"]
[Date "2020.04.15"]
[Round "7"]
[White "Bigalke, Moritz"]
[Black "Hansch, Torsten"]
[Result "1-0"]
[WhiteElo "1603"]
[BlackElo "1443"]
[PlyCount "87"]
[EventDate "2020.04.15"]
[EventType "swiss (blitz)"]
[EventRounds "9"]
[EventCountry "GER"]
[SourceTitle "CBM 196 Extra"]
[Source "ChessBase"]
[SourceDate "2020.07.31"]
[SourceVersion "1"]
[SourceVersionDate "2020.07.31"]
[SourceQuality "1"]

1. e4 e5 2. Nf3 Nc6 3. Bb5 Bc5 4. 0-0 d6 5. h3 Nf6 6. c3 Bd7 7. d4 exd4 8. cxd4 Bb6 9. e5 dxe5 10. dxe5 Nxe5 11. Qe2 Qe7 12. Nxe5 Bxb5 13. Qxb5+ Kf8 14. Nc3 a6 15. Qe2 Re8 16. Re1 Bd4 17. Bf4 Nd7 18. Nf3 Qxe2 19. Rxe2 Bxc3 20. Rxe8+ Kxe8 21. bxc3 c6 22. Re1+ Kd8 23. Ng5 f6 24. Nf7+ Kc8 25. Nxh8 Ne5 26. Bxe5 b5 27. Bd4 Kb7 28. Bc5 g5 29. Re7+ Kc8 30. Rxh7 f5 31. Rf7 g4 32. Rxf5 gxh3 33. gxh3 a5 34. Rf7 b4 35. cxb4 axb4 36. Bxb4 Kb8 37. Bc5 Kc8 38. h4 Kb8 39. h5 Kc8 40. h6 Kd8 41. h7 Ke8 42. Ra7 Kd8 43. Ng6 Kc8 44. h8Q# 1-0

[Event "GER-ch Net Amateur Gr-B Vor2"]
[Site "Playchess.com INT"]
[Date "2020.04.15"]
[Round "2"]
[White "Hansch, Torsten"]
[Black "Noack, Thomas"]
[Result "0-1"]
[WhiteElo "1419"]
[BlackElo "1696"]
[PlyCount "70"]
[EventDate "2020.04.15"]
[EventType "swiss (blitz)"]
[EventRounds "9"]
[EventCountry "GER"]
[SourceTitle "CBM 196 Extra"]
[Source "ChessBase"]
[SourceDate "2020.07.31"]
[SourceVersion "1"]
[SourceVersionDate "2020.07.31"]
[SourceQuality "1"]

1. e4 e5 2. Nf3 Nc6 3. Bc4 Bc5 4. d3 d6 5. h3 Nf6 6. Bg5 Be6 7. Bb3 Qd7 8. Nc3 Ne7 9. Bxf6 gxf6 10. Qd2 a6 11. Nd5 Bxd5 12. Bxd5 c6 13. Bb3 d5 14. exd5 cxd5 15. a3 b5 16. Qa5 Nc6 17. Qd2 Rg8 18. Rg1 0-0-0 19. 0-0-0 a5 20. Ba2 a4 21. Kb1 b4 22. axb4 Nxb4 23. c3 Nc6 24. d4 Be7 25. dxe5 fxe5 26. Qxd5 Qf5+ 27. Ka1 Rxd5 28. Rxd5 Kc7 29. Rc5 Bxc5 30. Re1 Rxg2 31. Rd1 Qxf3 32. Rd5 Rg1+ 33. Bb1 Qxd5 34. c4 Qd1 35. b4 Qxb1# 0-1

[Event "GER-ch Net Amateur Gr-B Vor2"]
[Site "Playchess.com INT"]
[Date "2020.04.15"]
[Round "6"]
[White "Hansch, Torsten"]
[Black "Wagner, Victoria"]
[Result "1-0"]
[WhiteElo "1420"]
[BlackElo "1620"]
[PlyCount "59"]
[EventDate "2020.04.15"]
[EventType "swiss (blitz)"]
[EventRounds "9"]
[EventCountry "GER"]
[SourceTitle "CBM 196 Extra"]
[Source "ChessBase"]
[SourceDate "2020.07.31"]
[SourceVersion "1"]
[SourceVersionDate "2020.07.31"]
[SourceQuality "1"]

1. e4 c5 2. Nf3 d6 3. Bb5+ Nc6 4. b3 Bd7 5. Bxc6 Bxc6 6. d3 Nf6 7. Bb2 g6 8. c4 Bg7 9. Nc3 0-0 10. 0-0 e6 11. Qd2 Rc8 12. Rfe1 Nd7 13. d4 cxd4 14. Nxd4 e5 15. Nxc6 Rxc6 16. Nd5 Nc5 17. Ba3 Rc8 18. Bxc5 Rxc5 19. h3 h5 20. Qe3 Kh7 21. Rad1 Bh6 22. Qf3 Bg7 23. Rd3 Ra5 24. Nc3 Rc5 25. Red1 Rc6 26. Nb5 Qa5 27. R1d2 a6 28. Nxd6 Bh6 29. Rc2 Qb4 30. Nxf7 1-0

[Event "GER-ch Net Amateur Gr-B Vor2"]
[Site "Playchess.com INT"]
[Date "2020.04.15"]
[Round "8"]
[White "Hansch, Torsten"]
[Black "Weidenhoefer, Max"]
[Result "0-1"]
[WhiteElo "1433"]
[BlackElo "1603"]
[PlyCount "132"]
[EventDate "2020.04.15"]
[EventType "swiss (blitz)"]
[EventRounds "9"]
[EventCountry "GER"]
[SourceTitle "CBM 196 Extra"]
[Source "ChessBase"]
[SourceDate "2020.07.31"]
[SourceVersion "1"]
[SourceVersionDate "2020.07.31"]
[SourceQuality "1"]

1. e4 c6 2. Nf3 d5 3. exd5 cxd5 4. d4 Nc6 5. c3 Nf6 6. h3 e6 7. Bd3 Be7 8. Bg5 Bd7 9. Nbd2 a6 10. 0-0 0-0 11. Re1 b5 12. Ne5 Rc8 13. Ndf3 h6 14. Bxf6 Bxf6 15. Nxd7 Qxd7 16. Ne5 Nxe5 17. dxe5 Be7 18. Qc2 Bc5 19. Qd2 Qa7 20. Rac1 d4 21. cxd4 Bxd4 22. Rxc8 Rxc8 23. b3 Qc5 24. Qe2 Qc3 25. Rd1 Bxe5 26. Qd2 Qxd2 27. Rxd2 Rc1+ 28. Bf1 Kf8 29. g3 Ke7 30. Re2 Bd4 31. Kg2 Kd6 32. Rd2 e5 33. Be2 Kc5 34. Bh5 f6 35. Bf7 Kb4 36. Bd5 Ka3 37. f4 Ra1 38. fxe5 Bxe5 39. Kf3 Rxa2 40. Rxa2+ Kxa2 41. Ke3 Ka3 42. g4 a5 43. Bc6 a4 44. bxa4 bxa4 45. Bb5 Kb3 46. Bxa4+ Kxa4 47. Ke4 g5 48. Kd5 Kb4 49. Ke4 Kc4 50. Kf3 Kd3 51. Kg2 Ke2 52. Kh1 Kf3 53. Kg1 Kg3 54. h4 Kxh4 55. Kg2 Kxg4 56. Kf2 h5 57. Kg2 h4 58. Kf1 h3 59. Kg1 h2+ 60. Kh1 f5 61. Kg2 f4 62. Kh1 Kh4 63. Kg2 g4 64. Kh1 g3 65. Kg2 f3+ 66. Kh1 g2# 0-1

[Event "GER-ch Net Amateur Gr-A Vor1"]
[Site "Playchess.com INT"]
[Date "2020.04.14"]
[Round "5"]
[White "Boder, Jan"]
[Black "Hansch, Torsten"]
[Result "0-1"]
[WhiteElo "1894"]
[BlackElo "1971"]
[PlyCount "94"]
[EventDate "2020.04.14"]
[EventType "swiss (blitz)"]
[EventRounds "9"]
[EventCountry "GER"]
[SourceTitle "EXT 2021"]
[Source "ChessBase"]
[SourceDate "2020.10.23"]
[SourceVersion "1"]
[SourceVersionDate "2020.10.23"]
[SourceQuality "1"]

1. c4 e6 2. g3 d5 3. Bg2 Nf6 4. Nf3 Be7 5. 0-0 0-0 6. b3 Nbd7 7. Bb2 c6 8. d3 b6 9. Nc3 Bb7 10. e4 d4 11. Ne2 e5 12. Nh4 g6 13. f4 exf4 14. gxf4 Nxe4 15. Bxe4 Bxh4 16. Nxd4 Bf6 17. Qe2 Rc8 18. Nf3 Bxb2 19. Qxb2 Qf6 20. Qxf6 Nxf6 21. Ne5 Nxe4 22. dxe4 f6 23. Ng4 h5 24. Ne3 Rce8 25. Rad1 Rxe4 26. Ng2 Re2 27. Rd7 Rf7 28. Rfd1 c5 29. Nh4 Be4 30. R7d2 Rxd2 31. Rxd2 Re7 32. Kf2 Kf7 33. Rd8 Ke6 34. a3 g5 35. Nf3 gxf4 36. Nd2 f5 37. Ke2 Rg7 38. Nxe4 fxe4 39. Re8+ Re7 40. Rh8 Rg7 41. Rxh5 Rg2+ 42. Kf1 f3 43. Rh8 Ke5 44. h4 Kf4 45. h5 Ke3 46. h6 Rh2 47. h7 Rh1# 0-1

[Event "GER-ch Net Amateur Gr-B Vor1"]
[Site "Playchess.com INT"]
[Date "2020.04.14"]
[Round "8"]
[White "Hansch, Torsten"]
[Black "Braeutigam, Katerina"]
[Result "1-0"]
[WhiteElo "1385"]
[BlackElo "1399"]
[PlyCount "73"]
[EventDate "2020.04.14"]
[EventType "swiss (blitz)"]
[EventRounds "9"]
[EventCountry "GER"]
[SourceTitle "EXT 2021"]
[Source "ChessBase"]
[SourceDate "2020.10.23"]
[SourceVersion "1"]
[SourceVersionDate "2020.10.23"]
[SourceQuality "1"]

1. e4 c6 2. Nf3 d5 3. exd5 cxd5 4. h3 Nc6 5. d4 Qc7 6. c3 Bf5 7. Bd3 Bxd3 8. Qxd3 e6 9. Be3 Bd6 10. Nbd2 Nf6 11. Bg5 Be7 12. 0-0 h6 13. Bh4 0-0 14. Bg3 Bd6 15. Bxd6 Qxd6 16. Qe3 Na5 17. Qe5 Qb6 18. b3 Rac8 19. Qe2 Rxc3 20. Rfc1 Rfc8 21. Rxc3 Rxc3 22. Ne5 Qxd4 23. Nef3 Qb6 24. Rd1 Rc2 25. Ra1 Ne4 26. Qe1 Nxd2 27. Nxd2 Qb4 28. Nf3 Qxe1+ 29. Nxe1 Rd2 30. Nf3 Rb2 31. Nd4 Nc6 32. Nb5 a6 33. Nd6 b6 34. Nc8 Nb4 35. Nxb6 Nc6 36. Na4 Nb4 37. g3 1-0

[Event "GER-ch Net Amateur Gr-A Vor1"]
[Site "Playchess.com INT"]
[Date "2020.04.14"]
[Round "7"]
[White "Hansch, Torsten"]
[Black "Kersten, Uwe"]
[Result "1-0"]
[WhiteElo "1988"]
[BlackElo "2087"]
[PlyCount "89"]
[EventDate "2020.04.14"]
[EventType "swiss (blitz)"]
[EventRounds "9"]
[EventCountry "GER"]
[SourceTitle "EXT 2021"]
[Source "ChessBase"]
[SourceDate "2020.10.23"]
[SourceVersion "1"]
[SourceVersionDate "2020.10.23"]
[SourceQuality "1"]

1. d4 Nf6 2. c4 c5 3. d5 g6 4. Nc3 Bg7 5. e4 d6 6. f3 e6 7. Be3 exd5 8. cxd5 a6 9. a4 0-0 10. Bd3 Nbd7 11. Nge2 Ne5 12. 0-0 Rb8 13. a5 Re8 14. Bc2 Nc4 15. Bc1 Nxa5 16. f4 Nc4 17. Qd3 b5 18. b3 Nb6 19. Bb2 Nxe4 20. Nxe4 Bxb2 21. Rae1 c4 22. Qf3 Bf5 23. N2g3 Bxe4 24. Bxe4 f5 25. Bc2 Nd7 26. Re6 Nc5 27. Ree1 Qf6 28. Kh1 Bc3 29. Rd1 cxb3 30. Bb1 Bd4 31. Ne2 Re3 32. Qf2 Ne4 33. Qe1 Bb6 34. Bxe4 Rxe4 35. Qd2 Rbe8 36. Nc3 Ba5 37. Nxe4 Rxe4 38. Qxa5 b2 39. Qxa6 Rb4 40. Qc8+ Kg7 41. Qc7+ Kh6 42. Qc2 Rc4 43. Qb1 b4 44. Rd2 Qc3 45. Rxb2 1-0